Normal view MARC view

Entry Personal Name

Number of records used in: 1

001 - CONTROL NUMBER

  • control field: 1205

003 - CONTROL NUMBER IDENTIFIER

  • control field: DLC

005 - DATE AND TIME OF LATEST TRANSACTION

  • control field: 20200114145557.0

008 - FIXED-LENGTH DATA ELEMENTS

  • fixed length control field: 840710n| acannaab| |a aaa |||

010 ## - LIBRARY OF CONGRESS CONTROL NUMBER

  • LC control number: n 84038705

040 ## - CATALOGING SOURCE

  • Original cataloging agency: DLC
  • Transcribing agency: DLC
  • Modifying agency: DLC

100 10 - HEADING--PERSONAL NAME

  • Personal name: Cummings, Thomas G.

400 10 - SEE FROM TRACING--PERSONAL NAME

  • Personal name: Cummings, Thomas

670 ## - SOURCE DATA FOUND

  • Source citation: Huse, E.F. Organization development and change, c1985:
  • Information found: CIP t.p. (Thomas Cummings)

670 ## - SOURCE DATA FOUND

  • Source citation: LC data base, 7-3-84
  • Information found: (hdg.: Cummings, Thomas G.; usage: Thomas G. Cummings)

670 ## - SOURCE DATA FOUND

  • Source citation: Bowen, D.E. Service management effectiveness, 1990:
  • Information found: CIP t.p. (Thomas G. Cummings) data sheet (b. 3/23/44)

Powered by Koha